Statistics for Top 10 Vegetable Exporting Countries

Click here to take the quiz!

General Stats

  • This quiz has been taken 39 times
  • The average score is 8 of 10

Answer Stats

Amount in Dollars Answer % Correct
$4.8 bilUnited States
100%
$11.2 bilChina
95%
$2.3 bilFrance
92%
$6.8 bilSpain
84%
$6.6 bilMexico
84%
$1.7 bilItaly
84%
$4.5 bilCanada
78%
$2.5 bilAustralia
76%
$7.5 bilNetherlands
54%
$2.6 bilBelgium
43%

Score Distribution

Percentile by Number Answered

Percent of People with Each Score

Your Score History

You have not taken this quiz